| 000 | 00613nam a22002053a 4500 | ||
|---|---|---|---|
| 005 | 20240920064417.0 | ||
| 008 | 010518s1997 mx fr 000 0 spa d | ||
| 020 | _a950701442X | ||
| 035 | _aUPN01000106470 | ||
| 049 | _aCG | ||
| 050 | 4 |
_aLB1028.24 _bA4.6 |
|
| 100 | 1 | _aAlfiz, Irene | |
| 245 | 1 | 0 |
_aProyecto educativo institucional : _bpropuestas para un diseño colectivo / _cIrene Alfiz. |
| 260 |
_aBuenos Aires : _bAique, _c[1997]. |
||
| 300 | _a166 p. | ||
| 440 | 0 | _aGestión | |
| 650 | 4 |
_aEducación _xFines y objetivos _94837 |
|
| 650 | 4 |
_aEDUCACION - _xPLANIFICACION - _zARGENTINA _917906 |
|
| 905 | _aLibro | ||
| 999 |
_c80382 _d80382 |
||